000 01206 a2200241 4500
001 47497
005 20260407155742.0
008 260407a2006 arg spa d
003 AR-UNSa-BCEJYS
040 _aAR-UNSa-BCEJYS
_bspa
_cAR-UNSa-BCEJYS
080 _a330.101.541
_xMacroeconomía
245 1 0 _aMacroeconomía avanzada
020 _a978-84-481-4809-6
250 _a3a.ed.
264 1 _aEspaña :
_bMcGraw-Hill Interamericana
_c2006
300 _a690 p.
_c24 cm.
505 _a1. Modelo de crecimiento de Solow - 2. Modelos de horizonte temporal infinito y de generaciones solapadas - 3. La nueva teoría del crecimiento - 4. La teoría del ciclo económico real - 5. Las teorías tradicionales keynesianas sobre las fluctuaciones económicas - 6. Fundamentos microeconómicos del ajuste nominal incompleto - 7. El consumo - 8. La inversión - 9. El desempleo - 10. La inflación y la política monetaria - 11. El déficit presupuestario y la política fiscal -
942 _cBK
590 _aniveau_biblio:m niveau_hierar:0
100 1 _aRomer, David
700 1 _aTrinidad, Gloria
856 4 1 _uhttps://www.biblioeco.unsa.edu.ar/pmb/images/libros/L127531.jpg
_yImagen de portada
_qimage/jpeg
999 _c4388
_d4388